000 00645nam a2200181Ia 4500
008 100921s9999 xx 000 0 und d
082 _b532
_a891.463 थ 63
100 _aभावे पुरूषोत्तम भास्कर.
245 _aचोरांचा बाजार.
260 _bमनोरंजन प्रकाशन,मंुबई.
_c1963
300 _a232
_b---
365 _b6.75
520 _aललित-कादंबरी.
630 _aचोरांचा बाजार.
650 _aललित-कादंबरी.
730 _aचोरांचा बाजार.
942 _cBOOK
999 _c749645
_d749642